Chaturvedi Badrinath : (Record no. 101457)

MARC details
000 -LEADER
fixed length control field 00577nam a22001817a 4500
005 - DATE AND TIME OF LATEST TRANSACTION
control field 20160725153742.0
010 ## - LCCN (DPL NO)
LC control number ENG-115522
020 ## - INTERNATIONAL STANDARD BOOK NUMBER
International Standard Book Number 9780199465187
Terms of availability 450.00
035 ## - SYSTEM CONTROL NUMBER
System control number EN-99054
037 ## - SOURCE OF ACQUISITION
Source of stock number/acquisition DBAD/PUB
082 ## - DEWEY DECIMAL CLASSIFICATION NUMBER
Classification number 181.4
245 ## - TITLE STATEMENT
Title Chaturvedi Badrinath :
Remainder of title unity of life and other essays /
Statement of responsibility, etc edited by Tulsi Badrinath
260 ## - PUBLICATION, DISTRIBUTION, ETC. (IMPRINT)
Place of publication, distribution, etc New Delhi
Name of publisher, distributor, etc Oxford University Press
Date of publication, distribution, etc 2016
270 ## - ADDRESS
Address YMCA LIbrary Building, 1 Jai Singh Road
City New Delhi
Postal code 110001
300 ## - PHYSICAL DESCRIPTION
Extent 158p.
Dimensions 21cm(pbk)
700 ## - ADDED ENTRY--PERSONAL NAME
Dates associated with a name Tulsi Badrinath
942 ## - ADDED ENTRY ELEMENTS (KOHA)
Source of classification or shelving scheme Dewey Decimal Classification
Item type English Books
Classification part 181.4
Call number suffix CHA
Holdings
Withdrawn status Lost status Not for loan Collection code Home library Current library Date acquired Source of acquisition Cost, normal purchase price Full call number Barcode Copy number Cost, replacement price Koha item type
    Not For Loan Non-fiction D.B.Act.Division Bawana 25/07/2016 DBAD/PUB 450.00 181.4 CHA EN-99054 1 450.00 English Books

© Delhi Public Library
Hit Counter
free hit counter